India since 1947 : (Record no. 78271)

MARC details
000 -LEADER
fixed length control field 00577nam a22001817a 4500
005 - DATE AND TIME OF LATEST TRANSACTION
control field 20130913144009.0
010 ## - LCCN (DPL NO)
LC control number ENG-108205
020 ## - INTERNATIONAL STANDARD BOOK NUMBER
Terms of availability 395.00
International Standard Book Number 9789381523926
035 ## - SYSTEM CONTROL NUMBER
System control number EN-91738
037 ## - SOURCE OF ACQUISITION
Source of stock number/acquisition DBAD/PUB
082 ## - DEWEY DECIMAL CLASSIFICATION NUMBER
Classification number 915.4034
245 ## - TITLE STATEMENT
Title India since 1947 :
Statement of responsibility, etc edited by Atul Kumar Thakur
Remainder of title looking back at a modern nation /
260 ## - PUBLICATION, DISTRIBUTION, ETC. (IMPRINT)
Place of publication, distribution, etc New Delhi
Name of publisher, distributor, etc Niyogi Books
Date of publication, distribution, etc 2013
270 ## - ADDRESS
Address D-78, Okhla Industrial Area, Phase-1
City New Delhi
Postal code 110020
300 ## - PHYSICAL DESCRIPTION
Extent xviii,340p.
Dimensions 20cm(pbk)
700 ## - ADDED ENTRY--PERSONAL NAME
Personal name Thakur, Atul Kumar
942 ## - ADDED ENTRY ELEMENTS (KOHA)
Source of classification or shelving scheme Dewey Decimal Classification
Item type English Books
Call number suffix IND
Classification part 915.4034
Holdings
Withdrawn status Lost status Not for loan Collection code Home library Current library Date acquired Source of acquisition Cost, normal purchase price Full call number Barcode Copy number Cost, replacement price Koha item type
    Not For Loan Non-fiction D.B.Act.Division D.B.Act.Division 01/08/2013 DBAD/PUB 395.00 915.4034 IND EN-91738 1 395.00 English Books

© Delhi Public Library
Hit Counter
free hit counter